000 00532cam a2200193 4500
001 D2606
008 090401t1977 xxu||||| |||| 00| 0 eng d
035 _a(Sirsi) u69862
041 _aeng
050 _a333.00601
110 _aThe Commonwealth Association of Surveying and Land Economy
_92577
245 2 _aA introduction to the work of the Association and the professions it represents
250 _a4th
260 _aLondon
_bCASLE
_c1977
300 _a28p. 15cm x 21cm
350 _a0
942 _n0
948 _c04/03/1997
999 _c95244
_d95244